00431nam a2200157Ia 4500003000400000005001700004008004100021020002800062040001700090082002300107100002700130245005500157260003500212300001100247650001500258IIN20240129143736.0231217s9999 xx 000 0 und d cRs.75.00a9788181912770 aIINbEnglish a612 bTRI1 aTripathy, Smritiratan 1 aViva in Practical PhysiologycSmritiratan Tripathy bParas MedicalaNew Delhic2009 a185 p.1 aPhysiology